000 00698aas a2200217 4500
999 _c3093
_d3093
003 BR-BrBNA
005 20230317233711.0
007 ta
008 230119b bl ||||| |||| 00| 0 por d
035 _a000485-5
040 _aBR-BrBNA
_bPor
_cBR-BrBNA
042 _aN
044 _abl
245 _aInforme Técnico - Empresa de Assistência Técnica e Extensão Rural do Estado do Pará (Brazil)
260 _aBelém-PA
_bEmpresa de Assistência Técnica e Extensão Rural do Estado do Pará
_c1984. Data final de publicação em 1990
_eBPA
270 _aCaixa Postal 789 - 66000-000
310 _airregular
505 _a1984 (1); 1985 (3); 1990 (5-6);
909 _a56
_bSergio Santos
_c56
_dSergio Santos
942 _cCR
_2AGRIS